Fr. Conceicao Rodrigues College of Engineering

Learn Advanced HTML 4.0 wth DHTML (Record no. 33985)

MARC details
000 -LEADER
fixed length control field 00273nam a2200133Ia 4500
082 ## - DEWEY DECIMAL CLASSIFICATION NUMBER
Classification number 4.62
Item number RAM
100 ## - MAIN ENTRY--PERSONAL NAME
Personal name Ramalho/Jose A
245 ## - TITLE STATEMENT
Title Learn Advanced HTML 4.0 wth DHTML
260 ## - PUBLICATION, DISTRIBUTION, ETC.
Name of publisher, distributor, etc. BPB
Date of publication, distribution, etc. 2000
300 ## - PHYSICAL DESCRIPTION
Extent 752
546 ## - LANGUAGE NOTE
Language note ENGLISH
654 ## - SUBJECT ADDED ENTRY--FACETED TOPICAL TERMS
Focus term HTML
942 ## - ADDED ENTRY ELEMENTS (KOHA)
Koha item type BOOK
Holdings
Withdrawn status Lost status Damaged status Not for loan Collection Home library Current library Date acquired Total Checkouts Full call number Barcode Date last seen Price effective from Koha item type
        CRC Fr. Agnel's C.Rodrigues College of Engineering Fr. Agnel's C.Rodrigues College of Engineering 17/03/2023   4.62 RAM 15550 17/03/2023 17/03/2023 BOOK